000 00312nam a2200121Ia 4500
008 230907s9999||||xx |||||||||||||| ||und||
082 _a519.5
_bMOO
100 _aMoore, David S.,
_968
245 0 _aIntroduction to the practice of statistics /
300 _a725 p. :
650 _aTextbooks.
_98511
942 _cBK
999 _c601442
_d601442